| 000 | 00392nam a22001697a 4500 | ||
|---|---|---|---|
| 003 | NUST | ||
| 020 | _a 0071155538 | ||
| 038 | _aKhadija | ||
| 082 |
_a658.5 _bSAN |
||
| 100 |
_aSanderson, Susan Walsh _985300 |
||
| 245 | _aManaging Product Families | ||
| 260 |
_aNew Delhi : _bMcGraw Hill, _c1997. |
||
| 300 |
_a218 p. ; _b23 cm. |
||
| 500 | _aPaperback. | ||
| 563 | _aPB | ||
| 942 |
_cBK _2ddc |
||
| 999 |
_c33846 _d33846 |
||